[Event "December is Latin for Choclate for Breakfast Month"]
[Site "SchemingMind.com"]
[Date "2022.12.16"]
[Round "-"]
[White "cnile"]
[Black "Goz"]
[Result "0-1"]
[WhiteCountry "SCO"]
[BlackCountry "ENG"]
[WhiteElo "1296"]
[WhiteRD "63"]
[BlackElo "1355"]
[BlackRD "74"]
[GameID "729377"]

1. e4 Nf6 2. Nc3 e6 3. f4 Bb4 4. d3 Bxc3+ 5. bxc3 O-O 6. Nf3 d6 7. Be3 Nbd7 8. Be2 Ng4 9. Bd2 e5 10. fxe5 dxe5
11. O-O Re8 12. d4 exd4 13. cxd4 Rxe4 14. c3 Qe8 15. Bd3 Re7 16. Bxh7+ Kh8 17. Bc2 f6 18. Nh4 Nf8 19. Rf3 Be6 20. Rg3 Qh5
21. Nf5 Bxf5 22. h3 Bxc2 23. Qxc2 Nh6 24. a4 Nf5 25. Rf3 Nd6 26. a5 b5 27. Raf1 Nc4 28. Rf5 Qg6 29. R1f4 Nd6 30. Rh4+ Kg8
31. Qb3+ Ne6 32. Rfh5 Kf7 33. Bh6 Ne4 34. Rg4 Qxh5 35. Rxg7+ Ke8 36. Qxb5+ Qxb5
0-1

[Event "December is Latin for Choclate for Breakfast Month"]
[Site "SchemingMind.com"]
[Date "2022.12.16"]
[Round "-"]
[White "Goz"]
[Black "cnile"]
[Result "0-1"]
[WhiteCountry "ENG"]
[BlackCountry "SCO"]
[WhiteElo "1355"]
[WhiteRD "74"]
[BlackElo "1296"]
[BlackRD "63"]
[GameID "729378"]

1. d4 Nf6 2. e3 d5 3. h3 Bf5 4. Bd3 Bxd3 5. Qxd3 e6 6. Nf3 Nbd7 7. c3 c5 8. b3 cxd4 9. exd4 Bd6 10. Ba3 Bxa3
11. Nxa3 Ne4 12. c4 Qa5+ 13. Nd2 Qxa3 14. O-O Ndf6 15. cxd5 exd5 16. Rfe1 O-O 17. f3 Nd6 18. Rec1 Qa5 19. a4 Rfe8 20. Rc2 h6
21. Rc5 Qd8 22. a5 Qd7 23. b4 Nh5 24. Rxd5 Nf4 25. Qf1 Nxd5 26. Re1 Rxe1 27. Qxe1 Re8 28. Qf2 Nxb4 29. Nb3 Nc4 30. Nc5 Qb5
31. Nb3 Nd3 32. Qc2 Ne3 33. Qc3 Ne1 34. Qxe1 Qxb3 35. Qg3 Qd1+ 36. Kh2 Nf1+
0-1

[Event "December is Latin for Choclate for Breakfast Month"]
[Site "SchemingMind.com"]
[Date "2022.12.18"]
[Round "-"]
[White "cnile"]
[Black "kenneth m day"]
[Result "0-1"]
[WhiteCountry "SCO"]
[BlackCountry "USA"]
[WhiteElo "1296"]
[WhiteRD "63"]
[BlackElo "1628"]
[BlackRD "56"]
[GameID "729415"]

1. e4 e5 2. Nc3 Nf6 3. f4 Nc6 4. Nf3 d6 5. h3 Be7 6. d4 O-O 7. fxe5 dxe5 8. Bc4 Nxd4 9. O-O Nxf3+ 10. Qxf3 Be6
11. Bxe6 fxe6 12. Be3 Qe8 13. Rad1 Rd8 14. Qg3 Nh5 15. Qg4 Bf6 16. Bh6 Rxd1 17. Rxd1 Kh8 18. Be3 g6 19. Nb1 b6 20. Nd2 Rg8
21. Nf3 Qc6 22. c3 Qa4 23. Ng5 Qxa2 24. Rd7 Bxg5 25. Qxg5 Qb1+ 26. Kh2 Qf1 27. Qh6 Ng7 28. Bg5 Qf8 29. Rxc7 Qd6 30. Bf6 Qxc7
31. h4 Qc4 32. h5 Qxe4 33. hxg6 Qxg6
0-1

[Event "December is Latin for Choclate for Breakfast Month"]
[Site "SchemingMind.com"]
[Date "2022.12.17"]
[Round "-"]
[White "kenneth m day"]
[Black "cnile"]
[Result "1-0"]
[WhiteCountry "USA"]
[BlackCountry "SCO"]
[WhiteElo "1628"]
[WhiteRD "56"]
[BlackElo "1296"]
[BlackRD "63"]
[GameID "729416"]

1. e4 e5 2. Nf3 Nc6 3. c3 Nf6 4. d4 exd4 5. e5 Ng4 6. cxd4 d5 7. h3 Nh6 8. Nc3 Nf5 9. Be2 Bb4 10. O-O O-O
11. a3 Be7 12. Re1 Re8 13. Bf4 a6 14. Qd3 h6 15. Be3 Nxe3 16. Qxe3 Bd6 17. Qd3 Be7 18. Rac1 Be6 19. Bd1 b5 20. Bc2 g6
21. Qe3 Bf8 22. Ne2 Bg7 23. Bxg6 fxg6 24. Rxc6 Qd7 25. Rec1 Rec8 26. Nh4 g5 27. Nf3 a5 28. Qd3 Rab8 29. Ng3 Bf8 30. Qg6+ Bg7
31. Rxe6 Rb6 32. Rxb6 c6 33. Rbxc6 Rxc6 34. Rxc6
1-0

[Event "December is Latin for Choclate for Breakfast Month"]
[Site "SchemingMind.com"]
[Date "2022.12.18"]
[Round "-"]
[White "Goz"]
[Black "kenneth m day"]
[Result "0-1"]
[WhiteCountry "ENG"]
[BlackCountry "USA"]
[WhiteElo "1396"]
[WhiteRD "79"]
[BlackElo "1663"]
[BlackRD "58"]
[GameID "729417"]

1. d4 Nf6 2. c4 e5 3. dxe5 Ng4 4. Nf3 Nc6 5. Bf4 Bc5 6. e3 O-O 7. h3 Nh6 8. Bxh6 gxh6 9. Qd5 Qe7 10. Nc3 d6
11. exd6 Bxd6 12. Bd3 Be6 13. Qh5 Qf6 14. Ng5 Qxg5 15. g4 Qxh5 16. gxh5 Nb4 17. Kd2 Rad8 18. a3 Nxd3 19. Kxd3 Bxa3+ 20. Kc2 Bc5
21. Rag1+ Kh8 22. b3 Bf5+ 23. e4 Be6 24. Rg2 f5 25. e5 Bd4 26. f4 Be3 27. Rf1 Bf7 28. Rf3 Bc5 29. Nb5 Bb6 30. Rfg3 Bxh5
31. e6 Rf6 32. e7 Re8 33. c5 Bg6 34. cxb6 Rxb6 35. Nxc7 Rc6+ 36. Kb2 Rxc7 37. h4 Rcxe7 38. Rd2 Re2 39. Rxe2 Rxe2+ 40. Ka3 Re4
41. Rf3 Bh5 42. Rf2 Kg7 43. b4 Kg6 44. Ka4 Bg4 45. Ka5 Kh5 46. b5 Kxh4 47. Rh2+ Bh3 48. Rd2 Re7 49. Rd6 h5 50. Rd8 Kg4
51. Ra8 Bg2 52. Rxa7 b6+ 53. Kxb6 Rxa7 54. Kxa7 Kxf4 55. b6 h4
0-1

[Event "December is Latin for Choclate for Breakfast Month"]
[Site "SchemingMind.com"]
[Date "2022.12.17"]
[Round "-"]
[White "kenneth m day"]
[Black "Goz"]
[Result "1-0"]
[WhiteCountry "USA"]
[BlackCountry "ENG"]
[WhiteElo "1663"]
[WhiteRD "58"]
[BlackElo "1396"]
[BlackRD "79"]
[GameID "729418"]

1. e4 c5 2. d4 b6 3. Nf3 Bb7 4. Nc3 a6 5. Be3 d6 6. Bd3 Nd7 7. O-O e5 8. dxe5 dxe5 9. a3 Ngf6 10. Re1 Be7
11. h3 O-O 12. Qd2 b5 13. Rad1 Qc7 14. Bg5 Rad8 15. Qe3 c4 16. Be2 Nh5 17. Bxe7 Nf4 18. Bxd8 Rxd8 19. Bf1 f6 20. g3 g5
21. gxf4 gxf4 22. Qd2 Kg7 23. Qd6 Qxd6 24. Rxd6 Bc8 25. Red1 Kf7 26. Nd5 Rg8+ 27. Kh2 Rg6 28. Nb4 Ke7 29. Nc6+ Ke8 30. Na7 Bb7
31. Rxd7 Bxe4 32. Bg2 h6 33. Rd8+ Ke7 34. Nc8+ Ke6 35. R1d6+ Kf7 36. Nxe5+ fxe5 37. Bxe4 Rxd6 38. Rxd6
1-0

[Event "December is Latin for Choclate for Breakfast Month"]
[Site "SchemingMind.com"]
[Date "2022.12.31"]
[Round "-"]
[White "roscoe"]
[Black "cnile"]
[Result "0-1"]
[WhiteCountry "USA"]
[BlackCountry "SCO"]
[WhiteElo "1148"]
[WhiteRD "88"]
[BlackElo "1296"]
[BlackRD "63"]
[GameID "729832"]

1. d4 d5 2. c4 dxc4 3. Nc3 a6 4. e4 b5 5. Nf3 Bb7 6. g3 e6 7. a3 Nf6 8. b3 cxb3 9. Bh3 Nxe4 10. Nxe4 Bxe4
11. Bg2 Nd7 12. O-O c5 13. Qe2 Bd5 14. Ne5 cxd4 15. Bxd5 Nxe5 16. Bxa8 Qxa8 17. Bf4 Ng6 18. Bc7 Be7 19. Qb2 O-O 20. Qxb3 Bf6
21. Rad1 e5 22. Bd6 Rd8 23. Bb4 e4 24. Ba5 Re8 25. Rfe1 e3
0-1

[Event "December is Latin for Choclate for Breakfast Month"]
[Site "SchemingMind.com"]
[Date "2022.12.31"]
[Round "-"]
[White "cnile"]
[Black "roscoe"]
[Result "1-0"]
[WhiteCountry "SCO"]
[BlackCountry "USA"]
[WhiteElo "1296"]
[WhiteRD "63"]
[BlackElo "1148"]
[BlackRD "88"]
[GameID "729833"]

1. d4 d5 2. c4 e6 3. Nc3 Bb4 4. Nf3 Nf6 5. Bg5 h6 6. Bxf6 Qxf6 7. cxd5 O-O 8. e3 a6 9. Bd3 b6 10. O-O Bb7
11. Rc1 Bxd5 12. Nxd5 Qd8 13. Nxb4 a5 14. Nc6 Nxc6 15. Rxc6 Ra7 16. Ne5 Qd5 17. Bc4 Qd8 18. Qf3 Qe7 19. Rc1 Kh8 20. Bb5 Kg8
21. Qf4 Raa8 22. Rxc7 g5 23. Rxe7 Kg7 24. Rxf7+
1-0

[Event "December is Latin for Choclate for Breakfast Month"]
[Site "SchemingMind.com"]
[Date "2022.12.30"]
[Round "-"]
[White "roscoe"]
[Black "Goz"]
[Result "1-0"]
[WhiteCountry "USA"]
[BlackCountry "ENG"]
[WhiteElo "1148"]
[WhiteRD "88"]
[BlackElo "1355"]
[BlackRD "74"]
[GameID "729834"]

1. d4 d5 2. c4 e6 3. e3 c6 4. a3 Nf6 5. c5 Be7 6. g3 O-O 7. Bg2 b5 8. b4 a5 9. Bd2 axb4 10. Bxb4 Na6
11. Qd2 Nxb4 12. Qxb4 Ra4 13. Qb3 Bd7 14. Qc2 Qc7 15. Nf3 Rc4 16. Qb3 Ra8 17. Nbd2 Qa5 18. O-O Ra4 19. Rfd1 Ne4 20. Nxe4 dxe4
21. Ne5 Be8 22. Bxe4 Rc8 23. Bc2 Qa8 24. Qd3 Ra7 25. Qe4 f6 26. Nf3 Bf7 27. Qxh7+ Kf8 28. Qh8+ Bg8 29. Bh7 Kf7 30. Nh4 Bxh7
31. Qxh7 Rh8 32. Qg6+ Kg8 33. e4 Qc8 34. Qg4 Rh6 35. d5 cxd5 36. Qxe6+ Kh7 37. Qxc8 dxe4 38. Nf5 Bxc5 39. Qxc5 Rg6 40. Qxa7
1-0

[Event "December is Latin for Choclate for Breakfast Month"]
[Site "SchemingMind.com"]
[Date "2022.12.31"]
[Round "-"]
[White "Goz"]
[Black "roscoe"]
[Result "0-1"]
[WhiteCountry "ENG"]
[BlackCountry "USA"]
[WhiteElo "1355"]
[WhiteRD "74"]
[BlackElo "1148"]
[BlackRD "88"]
[GameID "729835"]

1. d4 d5 2. e3 a6 3. Nf3 Bg4 4. Be2 Nf6 5. Ne5 Bxe2 6. Qxe2 e6 7. Nd2 Qe7 8. Ndf3 Nc6 9. c3 Nxe5 10. Nxe5 g6
11. O-O Bg7 12. f3 O-O 13. b4 Nd7 14. f4 Nxe5 15. fxe5 b6 16. a4 a5 17. b5 Qd7 18. Rf3 c5 19. bxc6 Qxc6 20. Bd2 Rab8
21. Qb5 Qxb5 22. axb5 Rbc8 23. Ra4 h5 24. Rf1 Kh7 25. Rc1 f6 26. c4 fxe5 27. dxe5 Bxe5 28. c5 Bb2 29. Rc2 Be5 30. c6 Rc7
31. Be1 Rd8 32. Bh4 Rf8 33. Bg5 d4 34. exd4 Bd6 35. Re2 Re8 36. Bf6 Rf7 37. d5 Rxf6 38. Rc4 Bc5+
0-1

[Event "December is Latin for Choclate for Breakfast Month"]
[Site "SchemingMind.com"]
[Date "2022.12.30"]
[Round "-"]
[White "roscoe"]
[Black "kenneth m day"]
[Result "0-1"]
[WhiteCountry "USA"]
[BlackCountry "USA"]
[WhiteElo "1112"]
[WhiteRD "99"]
[BlackElo "1663"]
[BlackRD "58"]
[GameID "729836"]

1. d4 Nf6 2. c4 e5 3. Bg5 Be7 4. Nf3 e4 5. Bxf6 Bxf6 6. Ne5 d6 7. Nxf7 Kxf7 8. e3 Rf8 9. Qh5+ Kg8 10. Qd5+ Kh8
11. Qxe4 Nc6 12. g3 g6 13. Nc3 Bg7 14. Bg2 Bf5 15. Qf4 Qd7 16. O-O Bd3 17. Bxc6 Qxc6 18. d5 Qd7 19. Rfd1 Rxf4 20. Rxd3 Rxc4
21. Kg2 Qf5 22. e4 Qf7 23. b3 Rxc3 24. Rd2 Rf8
0-1

[Event "December is Latin for Choclate for Breakfast Month"]
[Site "SchemingMind.com"]
[Date "2022.12.31"]
[Round "-"]
[White "kenneth m day"]
[Black "roscoe"]
[Result "1-0"]
[WhiteCountry "USA"]
[BlackCountry "USA"]
[WhiteElo "1663"]
[WhiteRD "58"]
[BlackElo "1112"]
[BlackRD "99"]
[GameID "729837"]

1. e4 d6 2. d4 h6 3. Nc3 Nc6 4. Be3 Nf6 5. h3 e5 6. Nf3 a6 7. dxe5 dxe5 8. Qxd8+ Nxd8 9. Nxe5 Bb4 10. Bd3 O-O
11. Bd2 Nc6 12. Nxc6 bxc6 13. O-O-O Re8 14. Rhe1 c5 15. a3 Bxc3 16. Bxc3 Be6 17. Re3 c4 18. Be2 Rab8 19. Rd4 c5 20. Rd6 Nd7
21. Rxa6 Nb6 22. f4 Bd7 23. Bf3 Bc8 24. Ra7 Rb7 25. Ra5 f5 26. e5 Rc7 27. Rb5 Na4 28. Be1 Re6 29. Bd5 c3 30. Bxc3 Nxc3
31. Rxc3 Bd7 32. Rbxc5 Rxc5 33. Rxc5
1-0

[Event "December is Latin for Choclate for Breakfast Month"]
[Site "SchemingMind.com"]
[Date "2023.01.01"]
[Round "-"]
[White "roscoe"]
[Black "ray winteringham"]
[Result "0-1"]
[WhiteCountry "USA"]
[BlackCountry "ENG"]
[WhiteElo "1112"]
[WhiteRD "99"]
[BlackElo "1416"]
[BlackRD "47"]
[GameID "729894"]

1. d4 d5 2. h3 h6 3. c4 e6 4. Nc3 Bb4 5. a3 Bxc3+ 6. bxc3 Ne7 7. Nf3 dxc4 8. e4 b5 9. Be2 Bb7 10. Qc2 Nd7
11. O-O O-O 12. a4 a6 13. Ba3 Nf6 14. e5 Nfd5 15. Bxe7 Qxe7 16. Nh4 Qxh4 17. Bf3 Rab8 18. Qe4 Qd8 19. Ra3 Nxc3 20. Qc2 Nxa4
21. Rd1 Bxf3 22. gxf3 Qh4 23. Kh2 Qe7 24. Ra2 c5 25. d5 exd5 26. Rxd5 b4 27. Qxc4 Nb6 28. Qe4 Nxd5 29. Qxd5 Rfd8 30. Qe4 Qe6
0-1

[Event "December is Latin for Choclate for Breakfast Month"]
[Site "SchemingMind.com"]
[Date "2023.01.01"]
[Round "-"]
[White "ray winteringham"]
[Black "roscoe"]
[Result "1-0"]
[WhiteCountry "ENG"]
[BlackCountry "USA"]
[WhiteElo "1416"]
[WhiteRD "47"]
[BlackElo "1112"]
[BlackRD "99"]
[GameID "729895"]

1. e4 d6 2. g3 e5 3. Bg2 Nf6 4. Ne2 Nc6 5. c3 b6 6. d3 h6 7. Be3 Be7 8. Nd2 O-O 9. O-O Bg4 10. f3 Bh5
11. g4 Bg6 12. Qe1 d5 13. Qg3 d4 14. cxd4 exd4 15. Bf2 Bb4 16. Rfd1 Nd7 17. a3 Bd6 18. f4 Qc8 19. Nxd4 Qa6 20. N2f3 Nxd4
21. Bxd4 c5 22. Bc3 c4 23. dxc4 Bc5+ 24. Kh1 Rfd8 25. f5 Bh7 26. Ne5 Nxe5 27. Qxe5 f6 28. Qe6+ Kh8 29. e5 Bg8 30. Qc6 Rac8
31. Qe4 Rxd1+ 32. Rxd1 Qa4 33. exf6 Bf7 34. fxg7+ Kg8 35. Re1 Qd7 36. Qf4 Rd8 37. Qxh6
1-0

[Event "December is Latin for Choclate for Breakfast Month"]
[Site "SchemingMind.com"]
[Date "2023.01.04"]
[Round "-"]
[White "cnile"]
[Black "ray winteringham"]
[Result "1-0"]
[WhiteCountry "SCO"]
[BlackCountry "ENG"]
[WhiteElo "1296"]
[WhiteRD "63"]
[BlackElo "1401"]
[BlackRD "48"]
[GameID "729896"]

1. d4 d5 2. e3 c6 3. Bd3 e6 4. Nf3 Nf6 5. Nbd2 Bd6 6. O-O b5 7. a3 a5 8. Re1 Bb7 9. c4 dxc4 10. Bb1 Bc7
11. Nf1 Nbd7 12. h3 Qe7 13. Ng3 Bxg3 14. fxg3 Qd6 15. g4 O-O-O 16. e4 c5 17. dxc5 Qxc5+ 18. Be3 Qc6 19. Qe2 Nxe4 20. Bc2 Rdg8
21. Bd4 Nef6 22. Rad1 Nd5 23. Ne5 Nxe5 24. Bxe5 f6 25. Bg3 c3 26. Bb3 Ne3 27. Bxe6+ Qxe6 28. bxc3 Re8 29. Rd6 Qb3 30. Qd3 Qxa3
31. Rxe3 Qa2 32. Qf5+ Kb8 33. Rd2+ Ka8 34. Rxa2 Rxe3 35. Rxa5+
1-0

[Event "December is Latin for Choclate for Breakfast Month"]
[Site "SchemingMind.com"]
[Date "2023.01.06"]
[Round "-"]
[White "ray winteringham"]
[Black "cnile"]
[Result "1-0"]
[WhiteCountry "ENG"]
[BlackCountry "SCO"]
[WhiteElo "1401"]
[WhiteRD "48"]
[BlackElo "1296"]
[BlackRD "63"]
[GameID "729897"]

1. d4 Nf6 2. Bg5 Ne4 3. Bh4 g5 4. f3 gxh4 5. fxe4 d5 6. Nc3 e6 7. Nf3 c6 8. h3 Bd6 9. e5 Be7 10. Qd3 b5
11. e4 a6 12. Be2 Bb7 13. exd5 exd5 14. O-O-O Bg5+ 15. Kb1 Bf4 16. Rdf1 Nd7 17. Nxh4 Qxh4 18. Qf5 Bc8 19. Rxf4 Qe7 20. Bh5 Bb7
21. Bxf7+ Kd8 22. Rhf1 Kc7 23. e6 Nb6 24. Qe5+ Kc8 25. Qxh8+ Kc7 26. Qxh7 Kb8 27. Qh8+ Ka7 28. Qe5 Rf8 29. b3
1-0

[Event "December is Latin for Choclate for Breakfast Month"]
[Site "SchemingMind.com"]
[Date "2023.01.01"]
[Round "-"]
[White "Goz"]
[Black "ray winteringham"]
[Result "1-0"]
[WhiteCountry "ENG"]
[BlackCountry "ENG"]
[WhiteElo "1396"]
[WhiteRD "79"]
[BlackElo "1416"]
[BlackRD "47"]
[GameID "729898"]

1. d4 d5 2. e3 Nf6 3. h3 e6 4. c3 a6 5. Bd3 Bd6 6. Nf3 Bd7 7. O-O c5 8. b3 Nc6 9. Ba3 Qc7 10. g3 Bxg3
11. Bxc5 Bd6 12. b4 O-O 13. Bxd6 Qxd6 14. Nh2 h6 15. f4 Qe7 16. Nd2 Nh7 17. Bxh7+ Kxh7 18. Ndf3 a5 19. b5 Nd8 20. a4 b6
21. Ne5 f6 22. Qd3+ Kg8 23. Ng6 Qf7 24. Nxf8 Qxf8 25. Nf3 g5 26. Kh2 Qd6 27. Rg1 Kh8 28. Qg6 Qf8 29. Qh5 Nf7 30. fxg5 Qd6+
31. Kh1 Be8 32. gxf6 Ng5 33. Qxh6+ Nh7 34. Qg7#
1-0

[Event "December is Latin for Choclate for Breakfast Month"]
[Site "SchemingMind.com"]
[Date "2023.01.01"]
[Round "-"]
[White "ray winteringham"]
[Black "Goz"]
[Result "1/2-1/2"]
[WhiteCountry "ENG"]
[BlackCountry "ENG"]
[WhiteElo "1401"]
[WhiteRD "48"]
[BlackElo "1355"]
[BlackRD "74"]
[GameID "729899"]

1. g3 d5 2. d4 Nf6 3. Bg2 e6 4. e3 Bd6 5. Ne2 O-O 6. b3 c6 7. Bb2 b5 8. Nd2 a5 9. Nf3 b4 10. a3 c5
11. c4 bxc3 12. Bxc3 Ba6 13. O-O c4 14. bxc4 Bxc4 15. a4 Nbd7 16. Nd2 Nb6 17. e4 dxe4 18. Nxe4 Rb8 19. Bxa5 Nxe4 20. Bxe4 Qe7
21. Bxb6 Rxb6 22. Bxh7+ Kh8 23. Bd3 Bxd3 24. Qxd3 Rfb8 25. Rab1 Bb4 26. Nf4 g6 27. Qd1 Qd6 28. Qd3 e5 29. Ne2 Kg7 30. Rfc1 Qd5
31. Rc4 e4 32. Qc2 g5 33. Nc3 Bxc3 34. Rxb6 Rxb6 35. Rxc3 f5 36. Rc5 Qe6 37. g4 fxg4 38. Rxg5+ Kh6 39. Rxg4 Qxg4+ 40. Kf1 Rg6
41. Qd2+ Kh5 42. a5 Qg1+ 43. Ke2 Qa1 44. Ke3 Re6 45. Qe2+ Kg5 46. Qc4 Qe1+ 47. Qe2 Qxa5 48. Qd1 Qc3+ 49. Ke2 Kf4 50. Qg1 Qxd4
51. Qg3+ Kf5 52. Qh3+ Ke5 53. Qh5+ Kd6 54. Qh4 Qd3+ 55. Ke1 Kd5 56. Qg5+ Kc4 57. Qf5 Rd6 58. Qc8+ Kb3 59. Qb8+ Kc2 60. Qc7+ Kb2
61. Qb7+ Kc3 62. Qc7+ Kb4 63. Qb7+ Kc5 64. Qa7+ Kd5 65. Qa8+ Ke5 66. Qh8+ Kf4 67. Qh4+ Ke5 68. Qh5+ Kd4 69. Qh8+ Kc5=
1/2-1/2

[Event "December is Latin for Choclate for Breakfast Month"]
[Site "SchemingMind.com"]
[Date "2023.01.01"]
[Round "-"]
[White "kenneth m day"]
[Black "ray winteringham"]
[Result "0-1"]
[WhiteCountry "USA"]
[BlackCountry "ENG"]
[WhiteElo "1663"]
[WhiteRD "58"]
[BlackElo "1416"]
[BlackRD "47"]
[GameID "729900"]

1. e4 e5 2. Nf3 d6 3. Nc3 Nf6 4. d4 exd4 5. Nxd4 h6 6. Bc4 Be7 7. h3 Bd7 8. Be3 O-O 9. Qe2 c5 10. Nf3 Nc6
11. O-O-O a6 12. Nd5 b5 13. Nxf6+ Bxf6 14. Bd5 Rb8 15. Rd2 c4 16. Rhd1 Qa5 17. a3 Nb4 18. Kb1 Nxd5 19. Rxd5 Be7 20. e5 Be6
21. R5d2 d5 22. Nd4 c3 23. Nb3 Qc7 24. Rd3 cxb2 25. Kxb2 Qxe5+ 26. Rc3 b4 27. axb4 Rxb4 28. Qd3 a5 29. Kc1 Bf5 30. Qd2 Bf6
31. Bd4 Qd6 32. f4 a4 33. Bc5 Bxc3 34. Qxc3 Qxf4+ 35. Nd2 Rc4
0-1

[Event "December is Latin for Choclate for Breakfast Month"]
[Site "SchemingMind.com"]
[Date "2023.01.01"]
[Round "-"]
[White "ray winteringham"]
[Black "kenneth m day"]
[Result "0-1"]
[WhiteCountry "ENG"]
[BlackCountry "USA"]
[WhiteElo "1416"]
[WhiteRD "47"]
[BlackElo "1663"]
[BlackRD "58"]
[GameID "729901"]

1. g3 d5 2. d4 Nf6 3. Bg2 c6 4. Bd2 Nbd7 5. e3 e5 6. dxe5 Nxe5 7. Ne2 Bg4 8. Nbc3 Bd6 9. O-O Qd7 10. a3 O-O-O
11. f3 Bh3 12. f4 Nc4 13. b3 Nxd2 14. Qxd2 Rhe8 15. a4 Bc5 16. Nd1 Bg4 17. Bf3 Bxf3 18. Rxf3 Qh3 19. Nf2 Qe6 20. Nd1 Ne4
21. Qe1 Nf6 22. Kf2 Qh3 23. Qg1 Ng4+ 24. Ke1 Nxh2 25. Nf2 Nxf3+
0-1

[Event "December is Latin for Choclate for Breakfast Month"]
[Site "SchemingMind.com"]
[Date "2023.01.26"]
[Round "-"]
[White "roscoe"]
[Black "Kid A"]
[Result "0-1"]
[WhiteCountry "USA"]
[BlackCountry "FIN"]
[WhiteElo "1148"]
[WhiteRD "88"]
[BlackElo "1843"]
[BlackRD "89"]
[GameID "730628"]

1. d4 e5 2. c3 d5 3. e4 exd4 4. Bb5+ c6 5. Be2 dxe4 6. cxd4 Nf6 7. Nc3 Bb4 8. a3 Bd6 9. Nh3 Bxh3 10. gxh3 Nbd7
11. Rg1 Rg8 12. Nxe4 Nxe4 13. Rg2 Qe7 14. f3 Nef6 15. Be3 Qxe3 16. Qd3 Nd5 17. Qxh7 O-O-O 18. Rxg7 Nf4 19. Qc2 Rxg7 20. Qd2 Rg1#
0-1

[Event "December is Latin for Choclate for Breakfast Month"]
[Site "SchemingMind.com"]
[Date "2023.01.26"]
[Round "-"]
[White "Kid A"]
[Black "roscoe"]
[Result "1-0"]
[WhiteCountry "FIN"]
[BlackCountry "USA"]
[WhiteElo "1843"]
[WhiteRD "89"]
[BlackElo "1148"]
[BlackRD "88"]
[GameID "730629"]

1. e4 e5 2. Nf3 Nc6 3. Bc4 Qe7 4. Nc3 Nf6 5. d3 g6 6. Bg5 Bg7 7. Nd5 Qd6 8. c3 Na5 9. O-O c6 10. Ne3 O-O
11. b4 Nxc4 12. Nxc4 Qe7 13. Ncxe5 d6 14. Nc4 h6 15. Bf4 Nh5 16. Bxd6 Qd7 17. Bxf8 Kxf8 18. Rc1 b5 19. Nce5 Bxe5 20. Nxe5 Qe6
21. d4 Qxa2 22. Nxc6 Qe6 23. Ne5 Bb7 24. Re1 Nf6 25. Qf3 g5 26. Qxf6
1-0

[Event "December is Latin for Choclate for Breakfast Month"]
[Site "SchemingMind.com"]
[Date "2023.01.26"]
[Round "-"]
[White "Kid A"]
[Black "cnile"]
[Result "1-0"]
[WhiteCountry "FIN"]
[BlackCountry "SCO"]
[WhiteElo "1843"]
[WhiteRD "89"]
[BlackElo "1296"]
[BlackRD "63"]
[GameID "730630"]

1. e4 e5 2. Nf3 Nc6 3. d4 exd4 4. Bc4 Bb4+ 5. c3 dxc3 6. O-O cxb2 7. Bxb2 d6 8. Bxg7 Bg4 9. Bxh8 Nf6 10. Qb3 Qe7
11. Bxf6 Qxf6 12. Nbd2 O-O-O 13. Rab1 Kb8 14. a3 Bxd2 15. Qxb7#
1-0

[Event "December is Latin for Choclate for Breakfast Month"]
[Site "SchemingMind.com"]
[Date "2023.01.30"]
[Round "-"]
[White "cnile"]
[Black "Kid A"]
[Result "0-1"]
[WhiteCountry "SCO"]
[BlackCountry "FIN"]
[WhiteElo "1354"]
[WhiteRD "57"]
[BlackElo "1931"]
[BlackRD "83"]
[GameID "730631"]

1. e4 e5 2. Nf3 Nc6 3. Bb5 a6 4. Ba4 Nf6 5. O-O Be7 6. Re1 b5 7. Bb3 O-O 8. c3 d5 9. exd5 Nxd5 10. Nxe5 Nxe5
11. Rxe5 c6 12. d4 Bd6 13. Re1 Qh4 14. g3 Qh3 15. Qe2 Bg4 16. Qf1 Qh5 17. Nd2 Rae8 18. Rxe8 Rxe8 19. f3 Bh3 20. Qf2 f5
21. Nf1 f4 22. gxf4 Re6 23. Ng3 Rg6 24. Bc2 Bf5 25. Bxf5 Qxf5 26. Kh1 Qh3 27. Bd2 Nxf4 28. Re1 Nd3 29. Re8+ Kf7 30. Qe3 Rxg3
31. Be1 Qg2#
0-1

[Event "December is Latin for Choclate for Breakfast Month"]
[Site "SchemingMind.com"]
[Date "2023.01.25"]
[Round "-"]
[White "Kid A"]
[Black "Goz"]
[Result "1-0"]
[WhiteCountry "FIN"]
[BlackCountry "ENG"]
[WhiteElo "1843"]
[WhiteRD "89"]
[BlackElo "1355"]
[BlackRD "74"]
[GameID "730632"]

1. e4 c5 2. d4 b6 3. Nf3 d6 4. Bc4 h6 5. Nc3 Bb7 6. d5 Nf6 7. O-O a6 8. a4 Nbd7 9. Bf4 Qc7 10. Re1 Ne5
11. Bxe5 dxe5 12. Nh4 g6 13. Qf3 Bg7 14. Rad1 Qd6 15. Qe2 O-O-O 16. Bxa6 Bxa6 17. Qxa6+ Kd7 18. Qb5+ Kc8 19. a5 Qb8 20. axb6 Rd6
21. Qxc5+ Kd7 22. Qb5+ Kd8 23. Na4 Nd7 24. c4 Rxb6 25. Qa5 Ke8 26. Nxb6 Nxb6 27. c5 Nd7 28. b4 Bf6 29. Nf3 Kf8 30. d6 Kg7
31. dxe7 Bxe7 32. Rxd7 Bf6 33. c6
1-0

[Event "December is Latin for Choclate for Breakfast Month"]
[Site "SchemingMind.com"]
[Date "2023.01.26"]
[Round "-"]
[White "Goz"]
[Black "Kid A"]
[Result "0-1"]
[WhiteCountry "ENG"]
[BlackCountry "FIN"]
[WhiteElo "1355"]
[WhiteRD "74"]
[BlackElo "1843"]
[BlackRD "89"]
[GameID "730633"]

1. d4 Nf6 2. c4 g6 3. Nc3 Bg7 4. e4 d6 5. Nf3 O-O 6. Be2 e5 7. d5 Nbd7 8. O-O Nc5 9. Bg5 h6 10. Bxf6 Qxf6
11. b4 Nd7 12. a4 a5 13. b5 Nc5 14. Qc2 Qe7 15. Ne1 f5 16. Bf3 Qh4 17. g3 Qg5 18. Ng2 Bd7 19. h4 Qe7 20. Ne1 f4
21. Kg2 g5 22. h5 g4 23. Bd1 Qg5 24. Rh1 Be8 25. Nd3 Nxd3 26. Qxd3 Bxh5 27. Rh4 Rf7 28. Qf1 fxg3 29. fxg3 Rxf1 30. Kxf1 Rf8+
31. Ke2 Rf3 32. Ke1 Rxc3
0-1

[Event "December is Latin for Choclate for Breakfast Month"]
[Site "SchemingMind.com"]
[Date "2023.01.25"]
[Round "-"]
[White "Kid A"]
[Black "kenneth m day"]
[Result "1-0"]
[WhiteCountry "FIN"]
[BlackCountry "USA"]
[WhiteElo "1843"]
[WhiteRD "89"]
[BlackElo "1628"]
[BlackRD "56"]
[GameID "730634"]

1. e4 e5 2. Nf3 d5 3. exd5 Bd6 4. d4 e4 5. Ne5 Nf6 6. Bb5+ c6 7. dxc6 Qa5+ 8. Nc3 O-O 9. cxb7 Bxb7 10. O-O a6
11. Bc4 Bxe5 12. dxe5 Qxe5 13. Be3 Nc6 14. Qe2 Rad8 15. Rad1 Rfe8 16. Bxa6 Ba8 17. Bb5 h6 18. h3 Bb7 19. Qc4 Rc8 20. Nd5 Nxd5
21. Rxd5 Qe6 22. Rc5 Qxc4 23. Rxc4 Re6 24. Rd1 Rd8 25. Rxd8+ Nxd8 26. Rc7 Ba6 27. Bxa6 Rxa6 28. Rc8 Rd6 29. Bb6 Rxb6 30. Rxd8+ Kh7
31. b3 Re6 32. a4 e3 33. fxe3 Rxe3 34. a5 Re2 35. a6 Re7 36. b4
1-0

[Event "December is Latin for Choclate for Breakfast Month"]
[Site "SchemingMind.com"]
[Date "2023.01.25"]
[Round "-"]
[White "kenneth m day"]
[Black "Kid A"]
[Result "0-1"]
[WhiteCountry "USA"]
[BlackCountry "FIN"]
[WhiteElo "1628"]
[WhiteRD "56"]
[BlackElo "1843"]
[BlackRD "89"]
[GameID "730635"]

1. e4 e5 2. Nf3 Nf6 3. Nxe5 d6 4. Nxf7 Kxf7 5. Bc4+ d5 6. exd5 Bd6 7. O-O Rf8 8. Nc3 Kg8 9. d4 Nbd7 10. Bg5 Nb6
11. Bb3 Qe8 12. Ne2 Qg6 13. Qd2 Ne4 14. Qd3 Nxg5 15. Qxg6 hxg6 16. c4 Bf4 17. c5 Nd7 18. Nxf4 Rxf4 19. Rad1 Kh7 20. Rfe1 Re4
21. Bc2 Rf4 22. Re7 Nf6 23. d6 cxd6 24. cxd6 Bf5 25. Bb3 Re8 26. Rxb7 Rxd4 27. Rc1 Rxd6 28. h4 Nge4 29. Rxa7 Rd2
0-1